Guess the Celebrity by Picture - Letter O - Statistics

General Stats
  • This quiz has been taken 301 times
  • The average score is 3 of 8
Answer Stats
Picture Answer % Correct
Oprah Winfrey
85%
Olivia Rodrigo
76%
Orlando Bloom
66%
Oscar Isaac
31%
Olivia Wilde
27%
Olivia Munn
10%
Oscar Pistorius
7%
Odette Annable
0%
No matching quizzes found
Score Distribution
Percent of People with Each Score
Percentile by Number Answered
Your Score History
You have not taken this quiz